| 000 | 00477nam a2200157 4500 | ||
|---|---|---|---|
| 001 | 137918 | ||
| 003 | ES-MaACL | ||
| 005 | 20230906195452.0 | ||
| 007 | t| | ||
| 008 | 070214s1965 sp r ||||1| spa d | ||
| 100 | 1 |
_aSánchez Díaz, Ramón. _9102613 |
|
| 245 | 1 | 0 |
_aReminiscencias e intimidades / _cRamón Sánchez Díaz. |
| 260 |
_aMadrid : _b[s. n.], _c1965 ( _fArtes Gráficas) |
||
| 300 |
_a234 p., 1 lám. = retr. aut. ; _c22 cm. |
||
| 852 |
_aES-MaACL _jC-28733 _bR.57986 |
||
| 999 |
_c137918 _d137918 |
||